Learn Android Studio : (Record no. 5693)
[ view plain ]
| 000 -LEADER | |
|---|---|
| fixed length control field | 01196cam a22003497i 4500 |
| 001 - CONTROL NUMBER | |
| control field | 18856031 |
| 003 - CONTROL NUMBER IDENTIFIER | |
| control field | OSt |
| 005 - DATE AND TIME OF LATEST TRANSACTION | |
| control field | 20250624105505.0 |
| 008 - FIXED-LENGTH DATA ELEMENTS--GENERAL INFORMATION | |
| fixed length control field | 151113t20152015caua 001 0 eng d |
| 010 ## - LIBRARY OF CONGRESS CONTROL NUMBER | |
| LC control number | 2015430182 |
| 020 ## - INTERNATIONAL STANDARD BOOK NUMBER | |
| International Standard Book Number | 9781430266013 (paperback) |
| 020 ## - INTERNATIONAL STANDARD BOOK NUMBER | |
| International Standard Book Number | 1430266015 (paperback) |
| 035 ## - SYSTEM CONTROL NUMBER | |
| System control number | (OCoLC)ocn872342369 |
| 040 ## - CATALOGING SOURCE | |
| Original cataloging agency | KABLIB |
| Language of cataloging | eng |
| Transcribing agency | KABLIB |
| Description conventions | rda |
| 042 ## - AUTHENTICATION CODE | |
| Authentication code | lccopycat |
| 082 04 - DEWEY DECIMAL CLASSIFICATION NUMBER | |
| Classification number | 005.268 |
| Edition number | 23 |
| Item number | GER |
| 100 1# - MAIN ENTRY--PERSONAL NAME | |
| Personal name | Gerber, Adam, |
| Relator term | author. |
| 9 (RLIN) | 14418 |
| 245 10 - TITLE STATEMENT | |
| Title | Learn Android Studio : |
| Remainder of title | build Android apps quickly and effectively / |
| Statement of responsibility, etc. | Adam Gerber, Clifton Craig. |
| 264 #1 - PRODUCTION, PUBLICATION, DISTRIBUTION, MANUFACTURE, AND COPYRIGHT NOTICE | |
| Place of production, publication, distribution, manufacture | [Berkeley, CA] : |
| Name of producer, publisher, distributor, manufacturer | Apress, |
| Date of production, publication, distribution, manufacture, or copyright notice | [2015] |
| 264 #4 - PRODUCTION, PUBLICATION, DISTRIBUTION, MANUFACTURE, AND COPYRIGHT NOTICE | |
| Date of production, publication, distribution, manufacture, or copyright notice | c2015 |
| 300 ## - PHYSICAL DESCRIPTION | |
| Extent | xxvii, 453 pages : |
| Other physical details | ill ; |
| Dimensions | 26 cm |
| 336 ## - CONTENT TYPE | |
| Content type term | text |
| Content type code | txt |
| Source | rdacontent |
| 337 ## - MEDIA TYPE | |
| Media type term | unmediated |
| Media type code | n |
| Source | rdamedia |
| 338 ## - CARRIER TYPE | |
| Carrier type term | volume |
| Carrier type code | nc |
| Source | rdacarrier |
| 500 ## - GENERAL NOTE | |
| General note | Includes index. |
| 630 00 - SUBJECT ADDED ENTRY--UNIFORM TITLE | |
| Uniform title | Android (Electronic resource) |
| 9 (RLIN) | 14115 |
| 630 07 - SUBJECT ADDED ENTRY--UNIFORM TITLE | |
| Uniform title | Android (Electronic resource) |
| Source of heading or term | fast |
| Authority record control number or standard number | (OCoLC)fst01776064 |
| 9 (RLIN) | 14115 |
| 650 #0 - SUBJECT ADDED ENTRY--TOPICAL TERM | |
| Topical term or geographic name entry element | Application software |
| General subdivision | Development. |
| 9 (RLIN) | 14116 |
| 650 #7 - SUBJECT ADDED ENTRY--TOPICAL TERM | |
| Topical term or geographic name entry element | Application software |
| General subdivision | Development. |
| Source of heading or term | fast |
| Authority record control number or standard number | (OCoLC)fst00811707 |
| 9 (RLIN) | 14116 |
| 700 1# - ADDED ENTRY--PERSONAL NAME | |
| Personal name | Craig, Clifton, |
| Relator term | author. |
| 9 (RLIN) | 14419 |
| 942 ## - ADDED ENTRY ELEMENTS (KOHA) | |
| Source of classification or shelving scheme | Dewey Decimal Classification |
| Koha item type | Book |
| Withdrawn status | Lost status | Source of classification or shelving scheme | Damaged status | Not for loan | Home library | Current library | Shelving location | Date acquired | Total Checkouts | Full call number | Barcode | Date last seen | Price effective from | Koha item type |
|---|---|---|---|---|---|---|---|---|---|---|---|---|---|---|
| Dewey Decimal Classification | Mukombe Library | Mukombe Library | Open Access Section | 24.06.2025 | 005.268 GER | 13923 | 24.06.2025 | 24.06.2025 | Book | |||||
| Dewey Decimal Classification | Mukombe Library | Mukombe Library | Open Access Section | 24.06.2025 | 005.268 GER | 13924 | 24.06.2025 | 24.06.2025 | Book | |||||
| Dewey Decimal Classification | Mukombe Library | Mukombe Library | Open Access Section | 24.06.2025 | 005.268 GER | 13925 | 24.06.2025 | 24.06.2025 | Book |